| 000 | 01538nam0a2200373 4500 | ||
|---|---|---|---|
| 001 | RU\NLR\BIBL_A\012596813 | ||
| 005 | 20250624081713.0 | ||
| 010 |
_a978-5-04-116335-8 _93000 |
||
| 021 |
_aRU _b2021-32496 _9КН-П-2533 |
||
| 035 | _a(NLR Aleph) 012596813 | ||
| 090 |
_a12569610 _c12569610 |
||
| 100 | _a20210915d2021 |||y0rusy50 ca | ||
| 101 | 1 |
_arus _ceng |
|
| 102 | _aRU | ||
| 105 | _aac||z|||001zy | ||
| 181 | 0 |
_ai2 _baxxe |
|
| 181 | 0 |
_ab2 _bxb2e |
|
| 182 | 0 | _an | |
| 200 | 1 |
_aМой безупречный дом _eискусство организации пространства и создания стильного интерьера _fНикки Бойд _g[перевод с английского Э.В. Зейнетдиновой] |
|
| 203 |
_aТекст _aИзображение _bвизуальные _cнепосредственные |
||
| 210 |
_aМосква _cЭксмо _d2021 |
||
| 215 |
_a223, [1] с. _cцв. ил., портр. _d25 |
||
| 225 | 1 |
_aДизайн-студия _eкак создать дом, в котором хочется жить |
|
| 320 | _aУказ.: с. 221-224 | ||
| 333 | _a12+ | ||
| 606 | 1 |
_aЖилища _xБлагоустройство _92092436 _3RU\NLR\AUTH\661266365 |
|
| 606 | 1 |
_aЖилые дома _xИнтерьер _xОформление _92081837 _3RU\NLR\AUTH\661257837 |
|
| 686 | 1 | _aМ791 | |
| 686 | 1 | _aЩ128.411 | |
| 700 | 1 |
_aБойд _bН. _gНикки |
|
| 942 | _cBOOK | ||
| 980 | _aNB | ||